A textbook of fluid mechanics and hydraulic machines (Record no. 12329)

000 -LEADER
fixed length control field 00514nam a22001817a 4500
008 - FIXED-LENGTH DATA ELEMENTS--GENERAL INFORMATION
fixed length control field 230104b ||||| |||| 00| 0 eng d
020 ## - INTERNATIONAL STANDARD BOOK NUMBER
International Standard Book Number 9788131808153
082 ## - DEWEY DECIMAL CLASSIFICATION NUMBER
Classification number 620.106
Item number BAN
100 ## - MAIN ENTRY--PERSONAL NAME
Personal name Bansal R. K.
245 ## - TITLE STATEMENT
Title A textbook of fluid mechanics and hydraulic machines
250 ## - EDITION STATEMENT
Edition statement 9th ed.
260 ## - PUBLICATION, DISTRIBUTION, ETC. (IMPRINT)
Place of publication, distribution, etc New Delhi
Name of publisher, distributor, etc Laxmi Publications
Date of publication, distribution, etc 2017
300 ## - PHYSICAL DESCRIPTION
Extent xxvi, 1102p.
650 ## - SUBJECT ADDED ENTRY--TOPICAL TERM
Topical term or geographic name as entry element Properties of Fluids
650 ## - SUBJECT ADDED ENTRY--TOPICAL TERM
Topical term or geographic name as entry element Pressure and Measurement
650 ## - SUBJECT ADDED ENTRY--TOPICAL TERM
Topical term or geographic name as entry element Hydrostatic Forces on Surfaces
942 ## - ADDED ENTRY ELEMENTS (KOHA)
Item type Gratis Books
Holdings
Withdrawn status Lost status Source of classification or shelving scheme Damaged status Not for loan Collection code Permanent location Current location Shelving location Date acquired Full call number Barcode Date last seen Koha item type Public note Total Checkouts Total Renewals Date last borrowed
          Non-fiction IMU-MPC Library IMU-MPC Library General Stacks 2023-01-04 620.106 BAN MPCG0962 2025-03-17 Gratis Books Column - 26      
          Non-fiction IMU-MPC Library IMU-MPC Library General Stacks 2023-01-04 620.106 BAN MPCG0963 2025-03-17 Gratis Books Column - 26      
          Non-fiction IMU-MPC Library IMU-MPC Library General Stacks 2023-01-04 620.106 BAN MPCG0964 2025-03-17 Gratis Books Column - 26      
          Non-fiction IMU-MPC Library IMU-MPC Library General Stacks 2023-01-04 620.106 BAN MPCG0965 2025-03-17 Gratis Books Column - 26 2 3 2023-11-10
          Non-fiction IMU-MPC Library IMU-MPC Library General Stacks 2023-01-04 620.106 BAN MPCG0966 2025-03-17 Gratis Books Column - 26 1   2023-10-12
          Non-fiction IMU-MPC Library IMU-MPC Library General Stacks 2023-01-04 620.106 BAN MPCG0967 2025-03-17 Gratis Books Column - 26 1   2023-10-09
          Non-fiction IMU-MPC Library IMU-MPC Library General Stacks 2023-01-04 620.106 BAN MPCG0968 2025-03-17 Gratis Books Column - 26      
          Non-fiction IMU-MPC Library IMU-MPC Library General Stacks 2023-01-04 620.106 BAN MPCG0970 2025-03-17 Gratis Books Column - 26 1 1 2023-10-03
          Non-fiction IMU-MPC Library IMU-MPC Library General Stacks 2025-01-07 620.106 BAN MPCG0969 2025-03-17 Gratis Books Column-26      
Copyright © 2021 Indian Maritime University, Mumbai Port Campus. All Rights Reserved. Managed & Maintained by Central Library, IMU-Mumbai

webs counters

Powered by Koha